000 00407nam a2200169Ia 4500
008 210210b1954 xxu||||| |||| 00| 0 eng d
041 _aeng
082 _a825/852
100 _aTILLOTSON (G)
245 _aThackeray the novelist
260 _aCambridge
_bAt the University Press
_c1954
650 _athe
650 _aThackeray
650 _anovelist
690 _aEnglish Criticism
906 _a015167
999 _c134485
_d134485